00983 2200193 4500001002100000005001500021035002000036008004100056245004800097100002200145250000600167260002900173300001200202084001400214082000800228650001000236520053100246990001200777INLIS00000000000099420240529074057 a0010-0524000229240529 1 ind 1 aBurung - Burung Manyar /cY.B. Mangunwijaya aY.B. Mangunwijaya a1 aJakarta :bKompas,c2014 a406 hlm a813 MAN b a813 4aFiksi aBurung-burung Manyar merupakan roman yang ditulis Y.B. Mangunwijaya dengan penuh keberanian dan kejujuran tentang kehidupan manusia-manusia yang terlibat peperangan, baik fisik maupun batin. Roman ini telah mendapat tanggapan positif dari kritikus sastra, penulis resensi dari berbagai media massa, dan para sastrawan. Buku ini sudah diterjemahkan dalam edisi bahasa Jepang berjudul Arasi no Naka no Ma nyar (1987), dalam bahasa Belanda Het boek van de Wevervogel (1987), dalam bahasa Inggris The Weaverbirds (1989). a0743971